Top 15 Least Muslim Countries in Europe by Population - Statistics

General Stats
  • This quiz has been taken 55 times
  • The average score is 13 of 15
Answer Stats
Rank (%) Answer % Correct
5 0.1% Estonia
96%
8 0.2% Hungary
96%
7 0.05% Latvia
96%
11 0.4% Finland
94%
6 0.1% Lithuania
94%
13 0.15% Iceland
92%
4 0.1% Slovakia
92%
12 1.3% Ireland
90%
3 0.05% Poland
88%
15 3% Slovenia
88%
2 0.04% Czech Republic
86%
10 0.2% Romania
84%
14 0.2% Malta
76%
9 0.42% Portugal
75%
1 0% Vatican City
67%
No matching quizzes found
Score Distribution
Percent of People with Each Score
Percentile by Number Answered
Your Score History
You have not taken this quiz